LEADER 01179nam a2200217 i 4500 001 000000071587 003 CaOOAMICUS 005 20090429000000.0 008 090429s1918 it u000 u ita u 013 $a42759 040 $aSeMil$bita 100 1 $aFichte, Johann Gottlieb,$c<1762-1814>.$0(OLS)http://semarc/name/21400 245 10$aDottrina morale :$bsecondo i principī della Dottrina della scienza (Jena, Gabler, 1798) /$cGiovanni Amedeo Fichte ; prima traduzione italiana e introduzione di Luigi Ambrosi. 260 $aMilano [etc.] :$bSoc. ed. Dante Alighieri di Albrighi, Segati & C.,$c1918. 300 $aCXXIII, 353 p., [1] ritr. ;$c22 cm. 650 4$aFichte, Johann Gottlieb <1762-1814> - Opere.$0(OLS)http://semarc/subject/13409 700 1 $aAmbrosi, Luigi <1870-1924>.$0(OLS)http://semarc/name/808 850 $aSeMil 852 $aSeMil$W1$xVenegono$y1$m2Q III 93$j37740$B37740$CSeMilBibl$Z2$F37743 $81 996 $6245$aDottrina morale :$bsecondo i principī della Dottrina della scienza (Jena, Gabler, 1798)$9(OLS)http://semarc/title/115167 996 $6260$aMilano [etc.] :$bSoc. ed. Dante Alighieri di Albrighi, Segati & C.$9(OLS)http://semarc/publisher/42967 LEADER 02249nam a2200337 i 4500 001 000000248673 003 CaOOAMICUS 005 20250721144712.0 008 160407s1699 it u000 u lat u 013 $a227578 026 $eo.t. umnt m.o- cope (3) 1699 (R) 026 $al:i. us30 emi- depr (3) 1699 (R) 026 $es.e- r.,& umn- 6Cue (3) 1699 (R) 040 $aSeMil$bita 100 1 $aGavanti, Bartolomeo,$d<1569-1638>.$0(OLS)http://semarc/name/3059 245 10$aThesaurus sacrorum rituum, seu Commentaria in rubricas Missalis, & Breviarij romani. Auctore ad M.R.P. D. Bartholomaeo Gauanto .. 260 $aVenetiis :$bEx typographia Ioseph Prodocimi,$c1699. 300 $a3 pt. ([40], 250, [22], 264, [8], 320 p.) :$bill. ;$c4°. 500 $aTestatine, iniz., finalini e ill. xilogr. 500 $aSegn.: a4 b-c8 A-2L8, 2A-V8 500 $aA c. Q6r inizia con proprio front.: Thesaurus sacrorum rituum ... tomus secundus (con identico stemma di Innocenzo 12. ma compreso tra i santi Pietro e Paolo) ; a c. 2L5r inizia con proprio front.: Enchiridion seu manuale episcoporum ... auctore Bartholomaeo Guanto ... Editio ultima in qua additiones, quae anteą separatč impressae fuerunt, suis locis diligenter sunt insertae (con identico stemma di Innocenzo 12. ma compreso tra i santi Pietro e Paolo) 500 $aStemma (tre pignatte all'interno dell'insegna pontificale tra due rombi formati da stelle) di Innocenzo 12., al secolo Antonio Pignatelli, pontefice dal 1691 al 1700, sul front. - Stampato in rosso e nero 500 $aCors. ; rom. 650 4$aLiturgia - Enciclopedie e dizionari.$0(OLS)http://semarc/subject/731 650 4$aLiturgia - Opere anteriori al 1900.$0(OLS)http://semarc/subject/4840 700 1 $aProdocimo, Giuseppe,$c.$0(OLS)http://semarc/name/83126 850 $aSeMil 852 $aSeMil$W1$xVenegono$y1$m3K IV 102 FA$j199019$B199019$CSeMilBibl$Z2$F210352 $8I 996 $6245$aThesaurus sacrorum rituum, seu Commentaria in rubricas Missalis, & Breviarij romani. Auctore ad M.R.P. D. Bartholomaeo Gauanto ..$9(OLS)http://semarc/title/350884 996 $6260$aVenetiis :$bEx typographia Ioseph Prodocimi$9(OLS)http://semarc/publisher/55298